{"text_format":"3","workbook":"xlsx","n_sheets":1,"sheets":["办公用品"],"not_rendered":{"defined_names":1},"read":"whole","date_system":"1900"}

{"sheet":"办公用品","index":0,"n_rows":72,"n_cols":8,"rows_kept":72,"merged":[[0,0,0,7],[3,1,3,2],[70,0,70,1],[71,0,71,7]]}
["三明城发物业有限公司办公用品最高控制单价详表"]
["联 系 人：",null,null,"报 价 日 期:"]
["电   话：",null,null,"送 货 地 点:"]
["供应商税务类型：","□小规模纳税人  □一般纳税人",null,"  供应商开票类型及税率："]
["注:以下报价为开发票含税价,包安装，包送货到指定地点(特殊注明的除外)。"]
["序号","产品名称","品牌","规格","单位","数量","含税单价","含税总价"]
[1,"塑封机","得力","得力 3892（A3）","台",1,260,{"$f":"G7*F7","v":260}]
[2,"美工刀片","得力","小号美工刀替换刀片 2012 9mm 10片/盒","盒",5,3,{"$f":"G8*F8","v":15}]
[3,"美工刀","得力","得力 2052","把",10,2,20]
[4,"打孔机","晨光","ABS92648 30张 孔径7mm 孔距80mm (蓝色) ","个",1,30,30]
[5,"订书机","晨光"," 12号订书机 ABS92722A 20页 (黑色)","个",10,9,90]
[6,"订书机","晨光","重型订书机 ABS92771 100页 #23/13","台",1,60,60]
[7,"起钉器","齐心","10#/12#钉/B3064","台",10,3.5,35]
[8,"压力夹","晨光","双强力夹/A4 ADM95088","个",20,8,160]
[9,"卷笔刀","晨光","晨光 91211","个",5,2,10]
[10,"双头记号笔","得力","细头2.0mm，极细头0.5mm (黑色)","支",5,2,10]
[11,"铅笔","中华","红黑色抽条笔杆HB铅笔 AWP30802","支",30,1,30]
[12,"橡皮擦","得力","4B美术橡皮擦 32x22x12mm 7534 (黄色)","个",10,1,10]
[13,"荧光笔","晨光","红色 荧光笔 2150 5.0mm ","支",5,2.5,12.5]
[14,"中性笔","得力","全针管中性笔 S36 0.5mm (黑色)","支",100,2.5,250]
[15,"中性笔芯","得力","中性笔芯  0.5mm (黑色)","支",100,1,100]
[16,"白板笔","得力","得力6817 (黑色)","支",5,2,10]
[17,"白板笔","得力","得力6817 (红色)","支",5,2,10]
[18,"白板擦","得力","白板擦 7837","个",2,5,10]
[19,"白板清洗液","得力","100ml/套装/7859","套",2,14,28]
[20,"白板","晨光","1500*900mm","块",1,100,100]
[21,"白板架","晨光","560*1200*1570mm","套",1,110,110]
[22,"白板磁粒","得力","磁粒 7825 30mm (混色) 6个/卡","卡",5,6,30]
[23,"笔筒","得力","得力 904","个",10,13,130]
[24,"塑封膜","得力","A3/80mic/50片 3896","包",2,50,100]
[25,"过塑膜","晨光","A4/80mic/100片 ASC99392","包",5,50,250]
[26,"直尺","晨光","铝合金办公直尺 ARL96027 300mm","把",10,4,40]
[27,"名片册","得力","得力5792","本",1,25,25]
[28,"固体胶","得力","晨光 M＆G 超强固体胶 ASG97156 36g/支 12支/盒","支",24,2.5,60]
[29,"自粘性标签","晨光","YT-10 6枚*10 49*23mm (蓝色) 10张/包","包",10,2,20]
[30,"双面胶带","得力","12mm*10y/棉纸型30401","卷",20,1.5,30]
[31,"双面胶带","得力","24mm*10y/棉纸型 30403","卷",20,2,40]
[32,"透明胶带","得力","12mm*18mmy/30029","卷",10,2,20]
[33,"透明胶带","得力","48mm*100y/30248","圈",30,9,270]
[34,"印台","得力","透明圆形/红色/80mm/9863","个",10,7,{"$f":"G40*F40","v":70}]
[36,"印油","得力","原子/10ml红色 9873","瓶",10,4,40]
[38,"复印纸","得力","得力7358 A3 70g 500张/包","包",3,60,180]
[39,"复印纸","未来世界","A3 70g 500张/包","包",2,46,92]
[40,"复印纸","得力","得力铭锐 A4 70g 500张/包","包",50,25,1250]
[41,"复印纸","得力","A4 80g 100张/包  (粉色）","包",5,15,75]
[42,"打印纸","得力"," 得力241-3 无等分 4联 带压线 (彩色) 1000页/箱","箱",5,60,300]
[43,"板夹","齐心","塑料板夹 ADM94510 A4 （蓝色）","块",20,13,260]
[44,"档案盒","得力","得力5683 (蓝色)","个",50,12,600]
[45,"资料册","晨光","60页A4/ADM95098B","个",5,8,40]
[46,"资料册","晨光","80页/A4/带外套 ADM95099B","个",5,10,50]
[47,"剪刀","晨光"," ASS91467 180mm","把",10,6,60]
[48,"切纸刀","得力","A3可裁15张 (棕色) ","把",1,150,150]
[49,"碱性电池","南孚","7号/6节","板",10,15,150]
[50,"碱性电池","南孚","5号/4节","板",10,10,100]
[51,"订书针","得力","0012 #24/6 1000枚/盒","盒",20,1.5,30]
[52,"抽纸","维达","超韧袋装抽取式面巾纸三层 V2219 150抽/包 3包/提 16提/箱","提",10,15,150]
[53,"修正液","得力","15ml,7284","支",5,4,20]
[54,"票夹","晨光","长尾/25mm/彩色/48只，ABS92741","盒",3,16,48]
[55,"票夹","晨光","长尾/50mm/彩色/12只，ABS92738","盒",3,15,45]
[56,"回形针","得力","3#20mm/镀镍/100枚/0018","盒",20,2,40]
[57,"牛皮纸档案盒（3cm）","晨光","3cm","个",950,2,1900]
[58,"护卡膜","国产品牌","67*97mm100张","包",5,10,50]
[59,"U盘","金士顿","128G","个",1,80,80]
[60,"a4桌面文件柜","得力","中五层3605 黑色","个",2,80,160]
[61,"拾音器","烽火","型号: HD-18C","台",1,60,60]
[62,"便利贴","得力","75*100，四色","本",10,5,50]
[63,"意见箱","/","220*120*290","个",1,40,40]
[64,"台笔","晨光","晨光AGP16103台笔0.5mm","把",5,4,20]
[65,"手持扩音器","喜飞扬","喜飞扬518","个",1,50,50]
[66,"便携式扩音器（小蜜蜂）","飞利浦","飞利浦 SBM200　","个",2,150,300]
["合计",{"$nulls":5},{"$f":"SUM(G7:G70)","v":1763},{"$f":"SUM(H7:H70)","v":8835.5}]
["备注：1、需填写品牌、规格。若无规格或型号请填入“/”\n      2、请进行四舍五入，保留2位小数"]